| 000 | 00698nam a2200217 i 4500 | ||
|---|---|---|---|
| 001 | 124565 | ||
| 003 | ES-MaACL | ||
| 005 | 20250813062628.0 | ||
| 007 | t| | ||
| 008 | 070330s1942 sp ||||1| spa d | ||
| 100 | 1 |
_aSiewert, Wulf. _9106295 |
|
| 245 | 1 | 0 |
_aEl Atlántico _b: geopolítica de un océano / _cWulf Siewert ; traducción del alemán por Francisco Payarols. |
| 260 |
_aBarcelona : _bLabor, _c[1942] |
||
| 300 |
_a188 p., map. ; _c17 cm. |
||
| 490 | 1 |
_aColección Labor ; _v407 |
|
| 650 | 4 |
_aAtlántico- _xGeografía política. _9186621 |
|
| 700 | 1 |
_aPayorols, Francisco. _989736 |
|
| 830 | 0 | 0 |
_aColección Labor _v407 _9184254 |
| 852 |
_aES-MaACL _jE-2871 |
||
| 999 |
_c124565 _d124565 |
||